00130 a2200073 45000010005000001000012000052450023000172600016000403701 aPak Pub aPakistan:- 1957-58 abPak Pubc